000 01220nam a22003617a 4500
003 CHAP
005 20220329133313.0
008 971013s1990 r 00010 d
010 _a4604
011 _a5576
035 _a4790
040 _cCHAP
090 _aFolleto 13695
100 0 0 _aAbe, Luka O.
_9178
245 _aSome aspects of training in National Agricultural Research Systems
260 _aThe Hague :
_bISNAR,
_c1990
300 _a7 p.
490 _aTraining Series: Human resource management
_v; 3
500 _a53-454
590 _aBATCH-UPD
_b10
_c20130109
_lUCH01
_h2312
590 _aBATCH-UPD
_b10
_c20130110
_lUCH01
_h2016
590 _aBATCH-UPD
_b10
_c20130409
_lUCH01
_h1830
590 _aBATCH-UPD
_b10
_c20130410
_lUCH01
_h1335
590 _aBATCH-UPD
_b10
_c20130914
_lUCH01
_h2022
590 _aBATCH-UPD
_b10
_c20140805
_lUCH01
_h1142
590 _aCONVERSION
_b10
_c20130109
_lUCH01
_h1304
650 1 4 _aAgricultura
_xInvestigación.
_91577
710 0 _aServicio Internacional para la Investigación Agrícola Nacional.
_9105308
830 0 _aTraining Series: Human resource management
_v; 3
_9114601
901 _aBK
942 _cFOLL
949 _aFolleto 13695
_bBC
_cFOLL
_d-14337
_eTS1
_i4790
_si
999 _c4604
_d4604